Evolución y mediación de la pobreza en México / (Record no. 218677)
[ view plain ]
| 000 -CABECERA | |
|---|---|
| campo de control de longitud fija | 02087nam a22002897a 4500 |
| 003 - IDENTIFICADOR DEL NÚMERO DE CONTROL | |
| campo de control | OSt |
| 005 - FECHA Y HORA DE LA ÚLTIMA TRANSACCIÓN | |
| campo de control | 20251021113517.0 |
| 007 - CAMPO FIJO DE DESCRIPCIÓN FÍSICA--INFORMACIÓN GENERAL | |
| campo de control de longitud fija | cr ||||||a|c|a |
| 008 - DATOS DE LONGITUD FIJA--INFORMACIÓN GENERAL | |
| campo de control de longitud fija | 230503s2019 |||a|||fom||| 001 0 S d |
| 040 ## - FUENTE DE LA CATALOGACIÓN | |
| Normas de descripción | rda |
| 100 1# - ENTRADA PRINCIPAL--NOMBRE DE PERSONA | |
| 9 (RLIN) | 41680 |
| Nombre de persona | Flores Perea, Berenice |
| 245 10 - MENCIÓN DE TÍTULO | |
| Título | Evolución y mediación de la pobreza en México / |
| Mención de responsabilidad, etc. | Berenice Flores Perea; director de tesis Francisco Peréz Soto |
| 264 #1 - PRODUCCIÓN, PUBLICACIÓN, DISTRIBUCIÓN, FABRICACIÓN Y COPYRIGHT | |
| Producción, publicación, distribución, fabricación y copyright | Chapingo, México : |
| Nombre del de productor, editor, distribuidor, fabricante | El autor, |
| Fecha de producción, publicación, distribución, fabricación o copyright | 2019. |
| 300 ## - DESCRIPCIÓN FÍSICA | |
| Extensión | 1 recurso en línea (141 páginas): |
| Otras características físicas | cuadros, mapas, figuras y graficas |
| 336 ## - TIPO DE CONTENIDO | |
| Fuente | rdacontent |
| Término de tipo de contenido | texto |
| Código de tipo de contenido | txt |
| 337 ## - TIPO DE MEDIO | |
| Fuente | rdamedia |
| Nombre/término del tipo de medio | computadora |
| Código del tipo de medio | c |
| 338 ## - TIPO DE SOPORTE | |
| Fuente | rdacarrier |
| Nombre/término del tipo de soporte | recurso en línea |
| Código del tipo de soporte | cr |
| 502 ## - NOTA DE TESIS | |
| Tipo de título | Doctorado en Ciencias en Economía Agrícola |
| Nombre de la institución que otorga el título | División de Ciencias Económico Administrativas, |
| Año de obtención del título | 2019. |
| Información miscelánea | Doctorado |
| 504 ## - NOTA DE BIBLIOGRAFÍA, ETC. | |
| Nota de bibliografía, etc. | Incluye referencias bibliográficas: páginas 115 - 121 |
| 520 ## - SUMARIO, ETC. | |
| Sumario, etc. | El fenómeno de la pobreza ha sido asociado directamente con el ingreso económico; es motivo de discusiones a nivel científico, político y social; se necesitan mediciones certeras que puedan ser consideradas en la elaboración de política pública y toma de decisiones en materia de desarrollo. El objetivo de esta investigación fue analizar la evolución y desarrollo de la pobreza en México. A partir de la ENIGH y del nuevo enfoque metodológico del CONEVAL se reconoce la existencia de un importante porcentaje de la población en pobreza, el cual asciende a 41.9 % en 2018.La evolución de la pobreza en México tuvo un comportamiento creciente entre 2008 y 2014; al pasar de 44.4 % al 46.2 % respectivamente, lo que implica un aumento de 1.8%. En 2016, la población en pobreza se redujo al 43.6 % y para 2018 se contrajo en 2.3 % más. Los resultados obtenidos indican que en la última década la pobreza disminuyo en 5.96 %. |
| 650 #4 - PUNTO DE ACCESO ADICIONAL DE MATERIA--TÉRMINO DE MATERIA | |
| 9 (RLIN) | 132859 |
| Término de materia o nombre geográfico como elemento de entrada | Pobreza |
| Subdivisión general | Aspectos sociales |
| Subdivisión geográfica | México |
| 650 #4 - PUNTO DE ACCESO ADICIONAL DE MATERIA--TÉRMINO DE MATERIA | |
| 9 (RLIN) | 124665 |
| Término de materia o nombre geográfico como elemento de entrada | Pobreza |
| Subdivisión de forma | Estadísticas |
| Subdivisión geográfica | México |
| 650 #4 - PUNTO DE ACCESO ADICIONAL DE MATERIA--TÉRMINO DE MATERIA | |
| 9 (RLIN) | 57571 |
| Término de materia o nombre geográfico como elemento de entrada | Indices de localidad |
| 700 1# - PUNTO DE ACCESO ADICIONAL--NOMBRE DE PERSONA | |
| 9 (RLIN) | 90046 |
| Nombre de persona | Pérez Soto, Francisco |
| Término indicativo de función/relación | director. |
| 856 ## - LOCALIZACIÓN Y ACCESO ELECTRÓNICOS | |
| Identificador Uniforme del Recurso | http://10.13.5.2/tesis/td/Flores_Perea_Berenice.pdf |
| Nota pública | DESCARGAR PDF |
| 942 ## - ELEMENTOS DE PUNTO DE ACCESO ADICIONAL (KOHA) | |
| Fuente del sistema de clasificación o colocación | Clasificación Universidad Autónoma Chapingo |
| Tipo de ítem Koha | Tesis digital |
| Estado de retiro | Estado de pérdida | Fuente del sistema de clasificación o colocación | Estado dañado | Restricciones de uso | No para préstamo | Código de colección | Localización permanente | Ubicación/localización actual | Ubicación en estantería | Fecha de adquisición | Total de préstamos | Signatura topográfica completa | Fecha visto por última vez | Precio válido a partir de | Tipo de ítem Koha |
|---|---|---|---|---|---|---|---|---|---|---|---|---|---|---|---|
| Clasificación Universidad Autónoma de Chapingo | Préstamo interno | Tesis digitales de Doctorado | Biblioteca Central | Biblioteca Central | En línea | 03/05/2023 | Tesis digital | 03/05/2023 | 03/05/2023 | Tesis digital |
